[Event "SVK-chT2C 1314"]
[Site "Slovakia"]
[Date "2014.02.23"]
[Round "9.7"]
[White "Hindicky, Frantisek"]
[Black "Marsina, Stefan"]
[Result "1/2-1/2"]
[WhiteElo "1926"]
[BlackElo "1994"]
[PlyCount "23"]
[EventDate "2013.10.19"]
[EventType "team-tourn"]
[EventRounds "11"]
[EventCountry "SVK"]
[SourceTitle "EXT 2015"]
[Source "ChessBase"]
[SourceDate "2014.11.20"]
[SourceVersion "1"]
[SourceVersionDate "2014.11.20"]
[SourceQuality "1"]
[WhiteTeam "Zvolen Slavia"]
[BlackTeam "Rajecke Teplice"]
[WhiteTeamCountry "SVK"]
[BlackTeamCountry "SVK"]

1. d4 e6 2. c4 d5 3. e3 Nf6 4. Nc3 Be7 5. Nf3 0-0 6. a3 a5 7. Bd3 b6 8. 0-0 Bb7 9. h3 Nbd7 10. cxd5 exd5 11. Qc2 Re8 12. b3 1/2-1/2

[Event "SVK-Cup14 sf5 corr"]
[Site "Slovakia"]
[Date "2005.??.??"]
[Round "?"]
[White "Belis, Rudolf"]
[Black "Hindicky, Frantisek"]
[Result "1-0"]
[WhiteElo "2129"]
[BlackElo "2339"]
[PlyCount "61"]
[EventDate "2005.04.01"]
[EventType "tourn (corr)"]
[EventRounds "6"]
[EventCountry "SVK"]
[SourceTitle "Corr 2008"]
[Source "ChessBase"]
[SourceDate "2008.06.24"]
[SourceVersion "1"]
[SourceVersionDate "2008.06.24"]
[SourceQuality "1"]

1. d4 d5 2. c4 c6 3. Nc3 dxc4 4. e4 b5 5. a4 b4 6. Na2 Nf6 7. e5 Nd5 8. Bxc4 e6 9. Nf3 Be7 10. Bd2 a5 11. Nc1 Nd7 12. Nb3 Bb7 13. 0-0 h6 14. Qc2 Qb6 15. Qe4 Ba6 16. Bxa6 Qxa6 17. Rfc1 0-0 18. Ne1 Kh8 19. Nd3 Rac8 20. Rc2 Kg8 21. Rac1 Qa8 22. f4 g6 23. g4 Kh8 24. h3 Kg8 25. f5 Kh7 26. f6 Bd8 27. Bxh6 N7xf6 28. exf6 Kxh6 29. g5+ Kh7 30. Qh4+ Kg8 31. Ne5 1-0

[Event "SVK-ch 18th corr"]
[Site "Slovakia"]
[Date "2005.??.??"]
[Round "?"]
[White "Drugda, Milos"]
[Black "Hindicky, Frantisek"]
[Result "1/2-1/2"]
[WhiteElo "2407"]
[BlackElo "2321"]
[PlyCount "83"]
[EventDate "2005.02.25"]
[EventType "tourn (corr)"]
[EventRounds "13"]
[EventCountry "SVK"]
[SourceTitle "Corr 2008"]
[Source "ChessBase"]
[SourceDate "2008.06.24"]
[SourceVersion "1"]
[SourceVersionDate "2008.06.24"]
[SourceQuality "1"]

1. e4 e5 2. Nf3 Nc6 3. Bb5 a6 4. Ba4 Nf6 5. 0-0 Be7 6. Re1 b5 7. Bb3 d6 8. c3 Na5 9. Bc2 c5 10. d4 Qc7 11. a4 b4 12. cxb4 cxb4 13. Nbd2 Be6 14. Nf1 Rc8 15. Bd3 Qb7 16. Bg5 h6 17. Bh4 0-0 18. Qe2 Ra8 19. N1d2 Nh5 20. Bxa6 Rxa6 21. Bxe7 Rc8 22. Bh4 f6 23. Rac1 Rxc1 24. Rxc1 Bd7 25. Ra1 Nf4 26. Qe3 Qa7 27. Bg3 Ne6 28. Qd3 Nc6 29. Nb3 Rxa4 30. Rxa4 Qxa4 31. h3 Ncd8 32. dxe5 dxe5 33. Nfd2 Qb5 34. Nc4 Be8 35. Qd5 Bc6 36. Qxb5 Bxb5 37. Nca5 Nc6 38. Nxc6 Bxc6 39. f3 Ba4 40. Nc1 b3 41. Bf2 Kf7 42. g3 1/2-1/2

[Event "SVK-ch 18th corr"]
[Site "Slovakia"]
[Date "2005.??.??"]
[Round "?"]
[White "Gajarsky, Julius"]
[Black "Hindicky, Frantisek"]
[Result "0-1"]
[WhiteElo "2317"]
[BlackElo "2321"]
[PlyCount "140"]
[EventDate "2005.02.25"]
[EventType "tourn (corr)"]
[EventRounds "13"]
[EventCountry "SVK"]
[SourceTitle "Corr 2008"]
[Source "ChessBase"]
[SourceDate "2008.06.24"]
[SourceVersion "1"]
[SourceVersionDate "2008.06.24"]
[SourceQuality "1"]

1. Nf3 d5 2. c4 e6 3. d4 c6 4. Qc2 dxc4 5. Qxc4 Nf6 6. Bg5 Nbd7 7. Nbd2 h6 8. Bf4 Be7 9. e4 g5 10. Bg3 Qa5 11. 0-0-0 Nb6 12. Qb3 0-0 13. Kb1 Qb4 14. Qxb4 Bxb4 15. a3 Be7 16. h3 Kg7 17. Bd3 Nh5 18. Be5+ f6 19. Bc7 Bd7 20. Nb3 Rac8 21. Bh2 Nf4 22. Nc5 Rcd8 23. Nxb7 Rb8 24. Bxf4 gxf4 25. Ba6 Na4 26. Rd3 c5 27. dxc5 Bc6 28. Nd4 Bxb7 29. Bxb7 Nxc5 30. Rc3 Rxb7 31. Rxc5 Bxc5 32. Nxe6+ Kf7 33. Nxc5 Re7 34. g4 Rd8 35. Rc1 Kg6 36. Rc3 Rd2 37. Rf3 Kg5 38. Kc1 Re2 39. b4 h5 40. gxh5 f5 41. Kd1 Ra2 42. exf5 Kxf5 43. h6 Rh7 44. Ke1 Rxh6 45. Rd3 Rh8 46. Kf1 Rg8 47. Rd5+ Kf6 48. Rd3 Re8 49. Rc3 Kg5 50. Rd3 Ree2 51. Kg1 Re1+ 52. Kg2 Re3 53. Rd5+ Kh4 54. Rd4 Rg3+ 55. Kf1 Rxh3 56. Rxf4+ Kg5 57. Rd4 Rhxa3 58. Kg2 Rc2 59. Rd5+ Kf6 60. Ne4+ Ke6 61. Rd8 Rc4 62. Nc5+ Ke7 63. Rd7+ Ke8 64. Rb7 a5 65. Nd7 Rg4+ 66. Kf1 Ra1+ 67. Ke2 Rxb4 68. Nf6+ Kd8 69. Rd7+ Kc8 70. Rd2 a4 0-1

[Event "SVK-ch 18th corr"]
[Site "Slovakia"]
[Date "2005.??.??"]
[Round "?"]
[White "Hindicky, Frantisek"]
[Black "Feco, Jan"]
[Result "1/2-1/2"]
[WhiteElo "2321"]
[BlackElo "2256"]
[PlyCount "115"]
[EventDate "2005.02.25"]
[EventType "tourn (corr)"]
[EventRounds "13"]
[EventCountry "SVK"]
[SourceTitle "Corr 2008"]
[Source "ChessBase"]
[SourceDate "2008.06.24"]
[SourceVersion "1"]
[SourceVersionDate "2008.06.24"]
[SourceQuality "1"]

1. e4 e5 2. Nf3 Nc6 3. Bb5 a6 4. Ba4 Nf6 5. 0-0 Nxe4 6. d4 b5 7. Bb3 d5 8. dxe5 Be6 9. Nbd2 Nc5 10. c3 Be7 11. Bc2 d4 12. cxd4 Nxd4 13. Nxd4 Qxd4 14. Nf3 Qxd1 15. Rxd1 0-0 16. Nd4 Rfd8 17. Be3 Bd5 18. Nf5 Bf8 19. Nd6 Bxg2 20. Bxc5 cxd6 21. exd6 Bf3 22. Rd2 g6 23. Re1 Rd7 24. Bd1 Bxd1 25. Rexd1 f5 26. b4 Kf7 27. Kf1 Rc8 28. a3 Re8 29. h3 Re5 30. Kg2 Ke6 31. Rc2 Bg7 32. Rcd2 Re4 33. f3 Re5 34. Rd3 Bh6 35. a4 Bf4 36. axb5 axb5 37. Kf1 g5 38. Ra1 Rd5 39. Re1+ Be5 40. Rd4 h6 41. h4 Rb7 42. Re3 Rb8 43. hxg5 hxg5 44. f4 gxf4 45. Rxf4 Kf6 46. Rh4 Ra8 47. Rh6+ Kg5 48. Re6 Bf4 49. Re2 Ra1+ 50. Kg2 Rd3 51. Be3 Bxe3 52. R2xe3 Ra2+ 53. Kf3 Rdd2 54. Re1 Ra3+ 55. R1e3 Ra4 56. Re2 Rd3+ 57. R2e3 Rd4 58. Re1 1/2-1/2

[Event "SVK-ch 18th corr"]
[Site "Slovakia"]
[Date "2005.??.??"]
[Round "?"]
[White "Hindicky, Frantisek"]
[Black "Filipek, Jozef"]
[Result "1-0"]
[WhiteElo "2321"]
[BlackElo "2305"]
[PlyCount "95"]
[EventDate "2005.02.25"]
[EventType "tourn (corr)"]
[EventRounds "13"]
[EventCountry "SVK"]
[SourceTitle "Corr 2008"]
[Source "ChessBase"]
[SourceDate "2008.06.24"]
[SourceVersion "1"]
[SourceVersionDate "2008.06.24"]
[SourceQuality "1"]

1. e4 e5 2. Nf3 Nc6 3. Bb5 a6 4. Ba4 Nf6 5. 0-0 Be7 6. Re1 b5 7. Bb3 d6 8. c3 0-0 9. h3 Na5 10. Bc2 c5 11. d4 exd4 12. cxd4 Bb7 13. Bf4 Nc4 14. b3 Nb6 15. Nbd2 Re8 16. a4 Nbd7 17. Bd3 Qb6 18. d5 Nh5 19. Be3 f5 20. axb5 axb5 21. Rxa8 Rxa8 22. exf5 Nhf6 23. Qe2 Nxd5 24. Bg5 Ne5 25. Nxe5 Bxg5 26. Nd7 Qd8 27. Qe6+ Kh8 28. Ne4 Nc7 29. Qxd6 Be7 30. Qb6 Bxe4 31. Bxe4 Ra6 32. Qb8 Qxb8 33. Nxb8 Rd6 34. Nc6 Bf6 35. Rc1 Na6 36. Na7 Nc7 37. g4 Ra6 38. Nc6 Ra1 39. Rxa1 Bxa1 40. Bd3 Bf6 41. Kg2 Bh4 42. Ne5 Kg8 43. f4 h6 44. Kf3 Be7 45. Ke4 Bh4 46. Nd7 Bf2 47. g5 hxg5 48. fxg5 1-0

[Event "SVK-Cup14 sf5 corr"]
[Site "Slovakia"]
[Date "2005.??.??"]
[Round "?"]
[White "Piasecka, Agnesa"]
[Black "Hindicky, Frantisek"]
[Result "0-1"]
[WhiteElo "1500"]
[BlackElo "2339"]
[PlyCount "76"]
[EventDate "2005.04.01"]
[EventType "tourn (corr)"]
[EventRounds "6"]
[EventCountry "SVK"]
[SourceTitle "Corr 2008"]
[Source "ChessBase"]
[SourceDate "2008.06.24"]
[SourceVersion "1"]
[SourceVersionDate "2008.06.24"]
[SourceQuality "1"]

1. e4 e5 2. Nf3 Nc6 3. Bc4 Nf6 4. d3 Be7 5. 0-0 0-0 6. c3 a6 7. a3 h6 8. h3 d6 9. Be3 d5 10. exd5 Nxd5 11. Bxd5 Qxd5 12. Re1 Rd8 13. Re2 Bxh3 14. Rd2 Bg4 15. c4 Qd7 16. Nc3 f5 17. Qb3 f4 18. Re1 fxe3 19. Rxe3 Bxf3 20. gxf3 Qf5 21. c5+ Kh8 22. Ne4 Nd4 23. Qxb7 Nxf3+ 24. Rxf3 Qxf3 25. Qxc7 Qg4+ 26. Kf1 Qh3+ 27. Ke2 Qg4+ 28. f3 Qg2+ 29. Nf2 Bh4 30. Qxe5 Re8 31. Qxe8+ Rxe8+ 32. Kd1 Qf1+ 33. Kc2 Bxf2 34. b4 Re2 35. c6 Bb6 36. d4 Bxd4 37. c7 Rxd2+ 38. Kb3 Qd1+ 0-1

[Event "SVK-ch sf 30th corr"]
[Site "Slovakia"]
[Date "2003.??.??"]
[Round "27"]
[White "Hindicky, Frantisek"]
[Black "Bodnar, Peter"]
[Result "1-0"]
[WhiteElo "2218"]
[BlackElo "2234"]
[PlyCount "83"]
[EventDate "2003.02.24"]
[EventType "tourn (corr)"]
[EventRounds "14"]
[EventCountry "SVK"]
[SourceTitle "Corr 2004"]
[Source "ChessBase"]
[SourceDate "2003.04.28"]
[SourceVersion "3"]
[SourceVersionDate "2003.04.28"]
[SourceQuality "1"]

1. d4 Nf6 2. c4 e6 3. Nc3 Bb4 4. Qc2 0-0 5. a3 Bxc3+ 6. Qxc3 b6 7. Bg5 Bb7 8. f3 h6 9. Bh4 d5 10. e3 Nbd7 11. cxd5 Nxd5 12. Bxd8 Nxc3 13. Bh4 Nd5 14. Bf2 c5 15. e4 Ne7 16. dxc5 Nxc5 17. b4 Na4 18. Bg3 Ng6 19. h4 Rfc8 20. h5 Nf8 21. Bf4 a5 22. g4 f6 23. Rh2 Rc3 24. Bd2 Rc7 25. Be3 Rc3 26. Bd4 Rc7 27. Rd2 e5 28. Be3 b5 29. Ne2 axb4 30. axb4 Rc4 31. Nd4 Rxb4 32. Nxb5 Kh7 33. Nc7 Rc8 34. Nd5 Rb3 35. Rxa4 Bxd5 36. exd5 Rxe3+ 37. Kf2 Rec3 38. Bd3+ Kg8 39. d6 Rd8 40. Rc4 Rxc4 41. Bxc4+ Kh7 42. Ke3 1-0

[Event "SVK-ch sf 29th corr0102"]
[Site "Slovakia"]
[Date "2002.??.??"]
[Round "?"]
[White "Moravec, Milan"]
[Black "Hindicky, Frantisek"]
[Result "0-1"]
[WhiteElo "1930"]
[BlackElo "2010"]
[PlyCount "54"]
[EventDate "2001.??.??"]
[EventType "tourn (corr)"]
[EventRounds "12"]
[EventCountry "SVK"]
[SourceTitle "Corr 2004"]
[Source "ChessBase"]
[SourceDate "2003.04.28"]
[SourceVersion "3"]
[SourceVersionDate "2003.04.28"]
[SourceQuality "1"]

1. d4 Nf6 2. c4 g6 3. Nc3 Bg7 4. e4 d6 5. f3 0-0 6. Be3 e5 7. d5 Nh5 8. Qd2 f5 9. 0-0-0 Nd7 10. Bd3 Nc5 11. Bc2 a6 12. Nge2 b5 13. b4 Nb7 14. cxb5 axb5 15. Kb2 Bd7 16. exf5 gxf5 17. Bg5 Qc8 18. Rhe1 Nd8 19. Bh6 Qa6 20. Ka1 Nf7 21. Bxg7 Nxg7 22. Bd3 Rfc8 23. a4 c5 24. dxc6 Bxc6 25. a5 d5 26. Na4 Bd7 27. Nb6 Qxb6 0-1